00341nam a2200121Ia 4500008004100000082001800041100001400059245002400073260004700097300001000144630001800154650004700172211109s9999||||xx |||||||||||||| ||und|| a822.33bHAR-M aHart, H C 0aMeasure for Measure bCambridge University PressaNew Yorkc1969 a176p. xGeneral Stack aEnglish DramavEnglish LiteraturexEnglish